أرسطو طاليس فى النفس : (Record no. 16222)
[ view plain ]
| 000 -الفاتح | |
|---|---|
| حقل البيانات ثابتة الطول | 01425nam a22002297a 4500 |
| 005 - وقت وتاريخ اخر تعامل مع التسجيلة | |
| رقم الضبط | 20111116161950.0 |
| 008 - عناصر البيانات ثابتة الطول - معلومات عامة | |
| حقل البيانات ثابتة الطول | 111116s1954 ua|||||r|||| 001 0 ara d |
| 082 ## - رقم تصنيف ديوى العشرى | |
| رقم الطبعة | 22 |
| رقم التصنيف | 185 |
| رقم المادة | ط ا ل |
| 100 ## - المدخل الرئيسى - إسم شخصى | |
| 9 (RLIN) | 22185 |
| الإسم الشخصى | طاليس، أرسطو |
| 245 ## - بيان العنوان | |
| العنوان | أرسطو طاليس فى النفس : |
| بقية العنوان | ” الاراء الطبيعية” المنسوب الى فلوطرخس ” الحاس والمحسوس” لابن رشد ” النبات” المنسوب الى ارسطو طاليس / |
| بيان المسئوليه,etc | تأليف أرسطو طاليس ؛ راجعها على أصولها اليونانية وشرحها وحققها وقدم لها عبدالرحمن بدوى. |
| 246 ## - العنوان الموازى | |
| عنوان صحيح/عنوان مختصر | ” الاراء الطبيعية” المنسوب الى فلوطرخس ” الحاس والمحسوس” لابن رشد ” النبات” المنسوب الى ارسطو طاليس |
| 260 ## - PUBLICATION, DISTRIBUTION, ETC. (IMPRINT) | |
| مكان الناشر او الموزع | القاهرة : |
| اسم الناشر او الموزع | مكتبة النهضة المصرية، |
| تاريخ النشر أو التوزيع | 1954. |
| 300 ## - الوصف المادى | |
| التعداد | 290 ص.؛ |
| أبعاد الوعاء | 24 سم. |
| 504 ## - تبصرة ببليوجرافية | |
| الرابط | يشتمل على ارجاعات ببليوجرافية و كشافات |
| 650 ## - المدخل الاضافى بالموضوع-مصطلح موضوعى | |
| 9 (RLIN) | 15104 |
| مصطلح موضوعي أو اسم جغرافي كعنصر مدخل | الفلسفة الغربية |
| 650 ## - المدخل الاضافى بالموضوع-مصطلح موضوعى | |
| 9 (RLIN) | 15854 |
| مصطلح موضوعي أو اسم جغرافي كعنصر مدخل | الفلسفة اليونانية |
| 650 ## - المدخل الاضافى بالموضوع-مصطلح موضوعى | |
| 9 (RLIN) | 8307 |
| مصطلح موضوعي أو اسم جغرافي كعنصر مدخل | فلسفة أرسطو |
| 653 ## - مصطلح تكشيفى غير مقيد | |
| Resource For college | |
| Arrived date list | November2011 |
| 700 ## - المدخل الاضافى - اسم شخصى | |
| 9 (RLIN) | 22188 |
| الإسم الشخصى | بدوى، عبد الرحمن |
| 942 ## - عناصر المدخل الإضافي( كوها) | |
| مصدر التصنيف او مخطط الترفيف | Dewey Decimal Classification |
| Koha [default] item type | Book - Borrowing |
| حالة التراجع | حالة الفقد | مصدر التصنيف او خطة الترفيف | حالة تلف | ليس للاعارة | مجموعات كوها | المكان الدائم | المكان الحالي | موقع الترفيف | تاريخ الاكتساب | Source of acquisition | رقم الاستدعاء | الباركود | Date last seen | مُعار | نوع الوعاء |
|---|---|---|---|---|---|---|---|---|---|---|---|---|---|---|---|
| Dewey Decimal Classification | Alef-Baa | Central Library | Central Library | Lower Floor | 16/11/2011 | Purchase | 185 ط ا ل | 000025649 | 15/07/2025 | 18/09/2023 | Book - Borrowing |